KOHA-Header-6

The Economics of Money banking and Finance (Record no. 8694)

000 -LEADER
fixed length control field 00256nam a2200109Ia 4500
020 ## - INTERNATIONAL STANDARD BOOK NUMBER
ISBN 978-1259285295
100 ## - MAIN ENTRY--AUTHOR NAME
Personal name Fredric S. Mishkin
245 #4 - TITLE STATEMENT
Title The Economics of Money banking and Finance
260 ## - PUBLICATION, DISTRIBUTION, ETC. (IMPRINT)
Place of publication London
Name of publisher Addision
Year of publication 2000
300 ## - PHYSICAL DESCRIPTION
Number of Pages 433
942 ## - ADDED ENTRY ELEMENTS (KOHA)
Koha item type Books
Holdings
Withdrawn status Lost status Collection code Permanent Location Current Location Shelving location Date acquired Full call number Accession Number Koha item type
    Banking MAJU MAJU Shelf No.A45 2019-09-14 343.73 3602 Banking

Powered by Koha